Groupes de musique - Images - Statistiques

Statistiques générales
  • Ce quiz a été pris 140 fois
  • Le résultat moyen est 11 sur 20
Statistiques - réponses
Par images Réponse % Correct
Queen
97%
Bigflo & Oli
93%
Kiss
85%
Maneskin
83%
Nirvana
81%
Spice Girls
79%
Kids United
75%
BTS
64%
Magic System
63%
Blackpink
59%
Trois Cafés Gourmands
57%
Rolling Stones
53%
Linkin Park
47%
L5
36%
L.E.J.
35%
Stray Kids
28%
Feu Chatterton
24%
Rammstein
23%
Babymonster
5%
Matmatah
4%
Aucun quiz correspondant
Distribution des résultats
% des personnes avec chaque résultat
Percentile par nombre de réponses
Votre historique - résultats
Vous n’avez pas pris ce quiz